| 000 | 00591nam a2200193 i 4500 | ||
|---|---|---|---|
| 001 | 78185 | ||
| 003 | ES-MaACL | ||
| 005 | 20230906173559.0 | ||
| 007 | t| | ||
| 008 | 041013s1945 sp ||||1| spa d | ||
| 100 | 1 |
_aHart, Wilhelm S. _961970 |
|
| 245 | 1 | 4 |
_aLos generales de Hitler / _cWilhelm S. Hart. |
| 260 |
_a[S.l] : _bPegaso, _c1945 ( _eMadrid : _fHijos de E. Minuesa) |
||
| 300 |
_aXVI, 184 p., 9 lám. ; _c23 cm. |
||
| 490 | 1 | _aColección "Hombres y países" | |
| 830 | 0 |
_aColección "Hombres y países" _9231384 |
|
| 852 |
_aES-MaACL _jD-563 _bR.21872 |
||
| 999 |
_c78185 _d78185 |
||